<?xml version="1.0" encoding="UTF-8"?>
<marc:record xmlns:marc="http://www.loc.gov/MARC21/slim">
   <marc:leader>00000nam a2200000 a 4500</marc:leader>
   <marc:datafield ind1="1" ind2=" " tag="100">
      <marc:subfield code="a">Hunter, Erin</marc:subfield>
      <marc:subfield code="4">aut</marc:subfield>
      <marc:subfield code="e">Verfasser/-in</marc:subfield>
   </marc:datafield>
   <marc:datafield ind1=" " ind2=" " tag="653">
      <marc:subfield code="a">Jugendbuch</marc:subfield>
   </marc:datafield>
   <marc:datafield ind1=" " ind2=" " tag="653">
      <marc:subfield code="a">Jugendbücher ab 12-Jahre</marc:subfield>
   </marc:datafield>
   <marc:datafield ind1="0" ind2="0" tag="245">
      <marc:subfield code="a">Das Gesetz der Savanne</marc:subfield>
   </marc:datafield>
   <marc:datafield ind1=" " ind2="1" tag="264">
      <marc:subfield code="b">Beltz &amp; Gelberg</marc:subfield>
      <marc:subfield code="c">2018</marc:subfield>
   </marc:datafield>
   <marc:datafield ind1="1" ind2=" " tag="490">
      <marc:subfield code="a">Bravelands / Erin Hunter</marc:subfield>
   </marc:datafield>
   <marc:datafield ind1="1" ind2=" " tag="520">
      <marc:subfield code="a">In der glühenden Hitze der Savanne Afrikas eröffnet sich eine mystische und faszinierende Welt der Tierfantasy: Bravelands
Das Gesetz der Savanne wurde gebrochen: die Elefantendame Große Mutter, die weise Anführerin der Tiere, wurde ermordet. 
Nun liegt es an dem Löwen Heldenmut, dem Pavianweibchen Beere und dem Elefantenmädchen Aurora die Wahrheit ans Licht zu bringen.
Wird es ihnen gelingen, die fragile Balance ihrer Welt zu erhalten?</marc:subfield>
   </marc:datafield>
   <marc:datafield ind1=" " ind2=" " tag="020">
      <marc:subfield code="a">9783407754462</marc:subfield>
      <marc:subfield code="9">9783407754462</marc:subfield>
   </marc:datafield>
</marc:record>
